Métodos matemáticos: ecuaciones diferenciales (Registro nro. 2122)

Detalles MARC
000 -Cabecera
Campo de control de longitud fija 00860aam a2200325 4500
005 - Fecha y hora de la última transacción
Campo de control 20251114165816.0
008 - Elementos de longitud fija--Información general
Campo de control de longitud fija 150310b2007 xxu||||| |||| 00| 0 spa d
020 ## - International Standard Book Number
Número Internacional Estándar del Libro (ISBN) 9788478978250
041 ## - Idioma
Código de idioma Español
082 ## - Clasificación Decimal Dewey
Número de clasificación 515.35 A329m
100 ## - Entrada principal--Autor personal
Nombre personal Alberca Bjerregaard, Pablo
9 (RLIN) 18369
100 ## - Entrada principal--Autor personal
Nombre personal Martin Barquero, Dolores
9 (RLIN) 18370
245 ## - Título propiamente dicho
Título Métodos matemáticos: ecuaciones diferenciales
260 ## - Pie de imprenta
Lugar de publicación, distribución, etc. España
260 ## - Pie de imprenta
Nombre del editor, distribuidor, etc. Grupo Editorial RA-MA
260 ## - Pie de imprenta
Fecha de publicación, distribución, etc. 2007
300 ## - Descripción física
Extensión 296 páginas
490 ## - Serie
Título de la Serie Big Data
490 ## - Serie
Título de la Serie Gestión de Calidad
490 ## - Serie
Título de la Serie Electrónica
490 ## - Serie
Título de la Serie Tecnologías de la Información
650 ## - Materia general
Temática (materia general) ECUACIONES DIFERENCIALES
650 ## - Materia general
Temática (materia general) SISTEMAS DE ECUACIONES DIFERENCIALES
650 ## - Materia general
Temática (materia general) TRANSFORMADA DE LAPLACE
942 ## - Punto de acceso adicional KOHA
Tipo de ítem KOHA Libro
Fuente del sistema de clasificación o colocación Dewey Decimal Classification
Existencias
Signatura completa Código de barras Programa Académico Tipo de ítem
515.35 A329m 12842   Libro